Statystyki dla Najwięcej zwycięstw w klasyfikacji generalnej TCS

Kliknij tutaj aby rozwiązać quiz!

Ogólne statystyki

  • Ten quiz został rozwiązany 79 razy
  • Średni wynik to 6 z 9

Statystyki odpowiedzi

Liczba zwycięstwaOdpowiedź% Poprawnych
4Polska
100%
16Austria
97%
10Norwegia
96%
16Finlandia
91%
2Japonia
89%
2Słowenia
78%
1ZSRR
36%
2Czechy,Czechosłowacja
3%
16Niemcy,NRD,RFN
3%

Rozkład punktacji

Percentyl według liczby udzielonych odpowiedzi

Procent ludzi z każdym wynikiem

Twoja historia wyników

Nie rozwiązałeś tego quizu